000 00504nam a2200205Ia 4500
005 20240318153553.0
008 131103s9999 xx 000 0 und d
040 _aLoreto College
041 _aEnglish
082 _a150
_bJAL
100 _aJalota, S
245 _aIntroduction to Psychology,
_cS Jalota
250 _a6th ed.
260 _aLondon
_bOxford University Press
_c1970
300 _aix.227p
504 _aInclude index
650 _aPsychology
850 _aLCBED
942 _cBK
999 _c26690
_d77169